| 000 | 01353cam a2200337 i 4500 | ||
|---|---|---|---|
| 001 | 42303 | ||
| 003 | Mx-PuUPA | ||
| 005 | 20251124091113.0 | ||
| 008 | 140415s2022 sp gr 001 0 spa d | ||
| 017 | _aM-2767-2022 | ||
| 020 | _a9788413390963 | ||
| 040 |
_aMx-PuUPA _bspa _cMx-PuUPA _dMx-PuUPA _erda |
||
| 041 | 1 |
_aspa _hfre |
|
| 100 | 1 |
_aBrague, Rémi, _d1947- _916967 _eautor |
|
| 240 | 1 | 4 |
_aLes ancres dans le ciel. L'infrastructure métaphysique. _lEspañol |
| 245 | 1 | 4 |
_aLas anclas en el cielo : _bla infraesturctura metafísica de la vida humana / _cRémi Brague ; traducción de José Antonio Millán Alba y Blanca Millán García |
| 264 | 1 |
_aMadrid, España : _bEdiciones Encuentro, _c2022 |
|
| 300 |
_a132 páginas ; _c23 cm |
||
| 336 |
_2rdacontent _atexto _btxt |
||
| 337 |
_2rdamedia _asin medio _bn |
||
| 338 |
_2rdacarrier _avolumen _bnc |
||
| 490 | 0 |
_aColección nuevo ensayo ; _v101 |
|
| 650 | 7 |
_2armarc _aMetafísica |
|
| 650 | 7 |
_2armarc _aAntropología filosófica |
|
| 700 | 1 |
_aMillán Alba, José Antonio, _etraductor |
|
| 700 | 1 |
_aMillán García, Blanca, _etraductor |
|
| 765 | 0 |
_aBrague, Rémi _tLes ancres dans le ciel. L'infrastructure métaphysique _d[lugar de publicación no identificado] : Éditions du Seuil, 2011 |
|
| 942 |
_2ddc _cLI _h110 _iB7418 |
||
| 999 |
_c42303 _d42303 |
||